00507nam a2200193 a 4500001001300000003000900013005001700022008004100039020001000080082001800090100002500108245003100133260003800164300000900202500003500211505001300246650002900259700002500288nice12345678IN_TiNIC20260116011457.0050524s1944 laha grp 000 0 eng  ac10000a305.6297bARS aArsalan, Amir Shakib aOur Decline and Its Causes aLahorebSh. Muhammad Ashrafc1944 a145p aincludes index and biblioraphy2 aAppendix aUmmah-Community in Islam1 aArsalan, Amir Shakib